Central Library OPAC University of Rajshahi

Applications of the theory of matrices / (Record no. 50957)

MARC details
000 -LEADER
fixed length control field 00752nam a2200217 a 4500
001 - CONTROL NUMBER
control field 50957
003 - CONTROL NUMBER IDENTIFIER
rucl marc code BD-RjUL
005 - DATE AND TIME OF LATEST TRANSACTION
control field 20211209075605.0
008 - FIXED-LENGTH DATA ELEMENTS--GENERAL INFORMATION
fixed length control field 160829s1959 nyua b 000 0 eng
035 ## - SYSTEM CONTROL NUMBER
System control number (BD-RjUL)51077
040 ## - CATALOGING SOURCE
Original cataloging agency DLC/ICU
Transcribing agency ICU
Modifying agency DLC
-- BD-RjUL
Language of cataloging eng
041 1# - LANGUAGE CODE
Language code of text/sound track or separate title engrus
082 00 - DEWEY DECIMAL CLASSIFICATION NUMBER
Classification number 512
Edition number 23
Author mark and year GAA 1959
100 1# - MAIN ENTRY--PERSONAL NAME
Personal name Gantmakher, F. R.
Fuller form of name (Feliks Ruvimovich)
9 (RLIN) 152498
245 10 - TITLE STATEMENT
Title Applications of the theory of matrices /
Statement of responsibility, etc. by F. R. Gantmacher, Translated and rev. by J.L. Brenner, with the assistance of D.W. Bushaw and S. Evanusa.
260 ## - PUBLICATION, DISTRIBUTION, ETC. (IMPRINT)
Place of publication, distribution, etc. New York :
Name of publisher, distributor, etc. Interscience Publishers,
Date of publication, distribution, etc. 1959.
300 ## - PHYSICAL DESCRIPTION
Pagination ix, 317 p. :
Illustrations ill. ;
Size 24 cm.
504 ## - BIBLIOGRAPHY, ETC. NOTE
Bibliography, etc Includes bibliography and Index
650 #0 - SUBJECT ADDED ENTRY--TOPICAL TERM
Topical term or geographic name as entry element Matrices.
9 (RLIN) 118267
942 ## - ADDED ENTRY ELEMENTS (KOHA)
Source of classification or shelving scheme Dewey Decimal Classification
Koha item type Books
Holdings
Lost status Source of classification or shelving scheme Damaged status Not for loan Collection code Permanent Location Current Location Shelving location Date acquired Source of acquisition Cost, normal purchase price Total Checkouts Full call number Date last seen Copy number Koha item type
  Dewey Decimal Classification     Non-fiction Central Library, University of Rajshahi Central Library, University of Rajshahi   06/02/1963 Zeitlinger 68.00   512 GAA 1959 29/08/2016 C-2 Books